<?xml version="1.0" encoding="UTF-8"?>
<collection xmlns="http://www.loc.gov/MARC21/slim">
 <record>
  <leader>01998nam a22002657a 4500</leader>
  <controlfield tag="001">NCT_45927</controlfield>
  <controlfield tag="008">180712b        xxu||||| |||| 00| 0 vie d</controlfield>
  <datafield tag="999" ind1=" " ind2=" ">
   <subfield code="c">2199</subfield>
   <subfield code="d">2199</subfield>
  </datafield>
  <datafield tag="020" ind1=" " ind2=" ">
   <subfield code="a">9786040039095</subfield>
   <subfield code="c">60000</subfield>
  </datafield>
  <datafield tag="082" ind1="0" ind2="4">
   <subfield code="2">23rd ed.</subfield>
   <subfield code="a">615.8</subfield>
   <subfield code="b">B312</subfield>
  </datafield>
  <datafield tag="100" ind1="1" ind2=" ">
   <subfield code="a">Nguyễn Thị Thanh Bình</subfield>
   <subfield code="e">Chủ biên</subfield>
  </datafield>
  <datafield tag="245" ind1="1" ind2="0">
   <subfield code="a">Vận động trị liệu : </subfield>
   <subfield code="b">Dùng cho đào tạo cao đẳng ngành vật lý trị liệu phục hồi chức năng</subfield>
   <subfield code="c">Nguyễn Thị Thanh Bình, Lê Quang Khánh (chủ biên)</subfield>
  </datafield>
  <datafield tag="250" ind1=" " ind2=" ">
   <subfield code="a">Tái bản lần thứ nhất</subfield>
  </datafield>
  <datafield tag="260" ind1=" " ind2=" ">
   <subfield code="a">H.</subfield>
   <subfield code="b">Giáo dục Việt Nam</subfield>
   <subfield code="c">2014</subfield>
  </datafield>
  <datafield tag="300" ind1=" " ind2=" ">
   <subfield code="a">211 tr.</subfield>
   <subfield code="c">27cm</subfield>
  </datafield>
  <datafield tag="520" ind1="3" ind2=" ">
   <subfield code="a">Nội dung quyển sách trình bày về các nguyên tắc của vận động trị liệu, định nghĩa, các nguyên tắc của các loại bài tập, các tác dụng của các loại bài tập, thao tác đúng quy trình các kỹ thuật tập luyện và sử dụng thành thạo các dụng cụ hỗ trợ di chuyển như nạng, gậy ...</subfield>
  </datafield>
  <datafield tag="653" ind1=" " ind2=" ">
   <subfield code="a">Y đa khoa</subfield>
  </datafield>
  <datafield tag="700" ind1="1" ind2=" ">
   <subfield code="a">Lê Quang Khánh </subfield>
   <subfield code="e"> chủ biên</subfield>
  </datafield>
  <datafield tag="942" ind1=" " ind2=" ">
   <subfield code="2">ddc</subfield>
   <subfield code="c">BK</subfield>
  </datafield>
  <datafield tag="952" ind1=" " ind2=" ">
   <subfield code="0">0</subfield>
   <subfield code="1">0</subfield>
   <subfield code="2">ddc</subfield>
   <subfield code="4">0</subfield>
   <subfield code="6">615_800000000000000_B312</subfield>
   <subfield code="7">0</subfield>
   <subfield code="9">12531</subfield>
   <subfield code="a">000001</subfield>
   <subfield code="b">000001</subfield>
   <subfield code="d">2018-07-12</subfield>
   <subfield code="o">615.8 B312</subfield>
   <subfield code="p">MD.12581</subfield>
   <subfield code="r">2018-07-12</subfield>
   <subfield code="v">60000.00</subfield>
   <subfield code="w">2018-07-12</subfield>
   <subfield code="y">BK</subfield>
  </datafield>
  <datafield tag="952" ind1=" " ind2=" ">
   <subfield code="0">0</subfield>
   <subfield code="1">0</subfield>
   <subfield code="2">ddc</subfield>
   <subfield code="4">0</subfield>
   <subfield code="6">615_800000000000000_B312</subfield>
   <subfield code="7">0</subfield>
   <subfield code="9">12532</subfield>
   <subfield code="a">000001</subfield>
   <subfield code="b">000001</subfield>
   <subfield code="d">2018-07-12</subfield>
   <subfield code="o">615.8 B312</subfield>
   <subfield code="p">MD.12582</subfield>
   <subfield code="r">2018-07-12</subfield>
   <subfield code="v">60000.00</subfield>
   <subfield code="w">2018-07-12</subfield>
   <subfield code="y">BK</subfield>
  </datafield>
  <datafield tag="952" ind1=" " ind2=" ">
   <subfield code="0">0</subfield>
   <subfield code="1">0</subfield>
   <subfield code="2">ddc</subfield>
   <subfield code="4">0</subfield>
   <subfield code="6">615_800000000000000_B312</subfield>
   <subfield code="7">0</subfield>
   <subfield code="9">12533</subfield>
   <subfield code="a">000001</subfield>
   <subfield code="b">000001</subfield>
   <subfield code="d">2018-07-12</subfield>
   <subfield code="o">615.8 B312</subfield>
   <subfield code="p">MD.12583</subfield>
   <subfield code="r">2018-07-12</subfield>
   <subfield code="v">60000.00</subfield>
   <subfield code="w">2018-07-12</subfield>
   <subfield code="y">BK</subfield>
  </datafield>
  <datafield tag="952" ind1=" " ind2=" ">
   <subfield code="0">0</subfield>
   <subfield code="1">0</subfield>
   <subfield code="2">ddc</subfield>
   <subfield code="4">0</subfield>
   <subfield code="6">615_800000000000000_B312</subfield>
   <subfield code="7">0</subfield>
   <subfield code="9">12534</subfield>
   <subfield code="a">000001</subfield>
   <subfield code="b">000001</subfield>
   <subfield code="d">2018-07-12</subfield>
   <subfield code="o">615.8 B312</subfield>
   <subfield code="p">MD.12584</subfield>
   <subfield code="r">2018-07-12</subfield>
   <subfield code="v">60000.00</subfield>
   <subfield code="w">2018-07-12</subfield>
   <subfield code="y">BK</subfield>
  </datafield>
  <datafield tag="952" ind1=" " ind2=" ">
   <subfield code="0">0</subfield>
   <subfield code="1">0</subfield>
   <subfield code="2">ddc</subfield>
   <subfield code="4">0</subfield>
   <subfield code="6">615_800000000000000_B312</subfield>
   <subfield code="7">0</subfield>
   <subfield code="9">12535</subfield>
   <subfield code="a">000001</subfield>
   <subfield code="b">000001</subfield>
   <subfield code="d">2018-07-12</subfield>
   <subfield code="o">615.8 B312</subfield>
   <subfield code="p">MD.12585</subfield>
   <subfield code="r">2018-07-12</subfield>
   <subfield code="v">60000.00</subfield>
   <subfield code="w">2018-07-12</subfield>
   <subfield code="y">BK</subfield>
  </datafield>
  <datafield tag="980" ind1=" " ind2=" ">
   <subfield code="a">Thư viện Trường Đại học Nam Cần Thơ</subfield>
  </datafield>
 </record>
</collection>
